Islamic Faith (Record no. 320463)

000 -LEADER
fixed length control field 00305 a2200133 4500
001 - CONTROL NUMBER
control field 85390
003 - CONTROL NUMBER IDENTIFIER
control field NUST
005 - DATE AND TIME OF LATEST TRANSACTION
control field 20180119193526.0
008 - FIXED-LENGTH DATA ELEMENTS--GENERAL INFORMATION
fixed length control field 180119b xxu||||| |||| 00| 0 eng d
020 ## - INTERNATIONAL STANDARD BOOK NUMBER
International Standard Book Number 9781597840637
082 ## - DEWEY DECIMAL CLASSIFICATION NUMBER
Classification number 297.2 GUL
100 ## - MAIN ENTRY--PERSONAL NAME
Personal name M. Fethullah Gulen
9 (RLIN) 9146
245 ## - TITLE STATEMENT
Title Islamic Faith
260 ## - PUBLICATION, DISTRIBUTION, ETC.
Place of publication, distribution, etc. New Jersy
Name of publisher, distributor, etc. Tughra Books
Date of publication, distribution, etc. 2010
300 ## - PHYSICAL DESCRIPTION
Extent xi 268
942 ## - ADDED ENTRY ELEMENTS (KOHA)
Institution code [OBSOLETE] cae nust
Call number prefix 297.2 GUL
Koha item type Book
Source of classification or shelving scheme
Holdings
Withdrawn status Lost status Damaged status Not for loan Collection code Permanent Location Current Location Date acquired Total Checkouts Full call number Barcode Date last seen Price effective from Koha item type
          College of Aeronautical Engineering (CAE) College of Aeronautical Engineering (CAE) 04/03/2017   297.2 GUL CAEG-9557 04/05/2017 04/05/2017 Book
© 2023 Central Library, National University of Sciences and Technology. All Rights Reserved.